Deutsche Städte mit Hauptbahnhof - Sudden Death - Statistiken

Allgemein
  • Dieses Quiz wurde 68 mal gespielt
  • Das Durchschnittsergebnis liegt bei 3 aus 15
Answers on the Grid
Answers color-coded by a green-red scale on the quiz's grid according to % correct below.
Gevelsberg
Landshut
Wolfsburg
Herne
Fürth
Cottbus
Neuss
Chemnitz
Aschaffenburg
Worms
Neustadt (Weinstraße)
Kaiserslautern
Kassel
Tübingen
Zwickau
Göttingen
Gießen
Offenburg
Fulda
Rosenheim
Bamberg
Neumünster
Herford
Rheine
Frankfurt (Oder)
Lüneburg
Bietigheim-Bissingen
Plochingen
Jena
Leverkusen
 
Antwortstatistiken
Antwort % Korrekt
Kassel
57%
Wolfsburg
41%
Kaiserslautern
33%
Aschaffenburg
25%
Fürth
25%
Chemnitz
22%
Herne
22%
Neuss
18%
Cottbus
16%
Landshut
14%
Tübingen
12%
Zwickau
12%
Gevelsberg
10%
Neustadt (Weinstraße)
8%
Worms
8%
Keine übereinstimmenden Quizze gefunden
Verteilung der Resultate
Anzahl Personen mit jedem Resultat
Perzentil nach korrekt beantworteten Fragen
Ihre Resultats-Entwicklung
Sie haben dieses Quiz noch nicht gespielt